00648 2200241 4500001002100000005001700021008004100038020001800079035002400097041001200121082001000133090002100143100001600164245004300180250001100223260003100234300002400265504002900289650003000318850001200348990002200360990002400382YOGYA-0209000005606320090227033638.0 ind  a979-21-0768-1 0010-020900000056063 aYOPDYOG a633.3 aDEP 633.3bBud U aBUDI SAMADI aUsaha tani kacang panjangcBudi Samadi aCet. 1 aYogyakartabKanisiusc2003 a59 hlmbilusc21 cm aBibliografi : hlm. 58-59 aKacang panjang (Budidaya) aYOPDYOG a2003-401 CB-D. 11 a2003-401 h CB-D. 11